000 00512nam a2200193Ia 4500
005 20230919105214.0
008 131103s9999 xx 000 0 und d
020 _cRs.5
040 _aLoreto College
041 _aEnglish
082 _a253.5
_bPEA
100 _aPeale, Norman Vincent
245 4 _aThe Power of positive thinking
_cby Norman Vincent Peale
260 _aDelhi
_bThe Universal Book & Stationery
_c1968
300 _avii302p.
650 _aPastoral theology
850 _aLCLIB
942 _cBK
999 _c23343
_d73822